000 02363nam a2200325Ia 4500
999 _c55026
_d55026
001 22101
003 GE_BSU
005 20221026121539.0
008 181216s2017||||ge |||||||||||||| ||geo||
020 _a9789941468179
040 _cGE_BSU
041 _ageo
080 _a821.14'01-21 ე-34
100 _aევრიპიდე
_915553
245 _aჰიპოლიტოსი = Hippolytus :
_b[ტრაგედია] /
_cძვ. ბერძნულიდან თარგმნა, შესავალი წერილი და განმარტებანი დაურთო ნანა ტონიამ ; რედაქტორი რისმაგ გორდეზიანი ; დიზაინი ალეკო ჯიქურიძის.
264 _aთბილისი :
_bლოგოსი
_c2017.
300 _a168 გვ. ;
_c18 სმ.
490 _aპროგრამა ”ლოგოსი: პუბლიკაციები და ღონისძიებები კლასიკური ფილოლოგიის, ბიზანტინისტიკისა და ნეოგრეცისტიკის სფეროში
501 _aგანმარტებანი გვ. : 156-166
541 _h6ლ.90თ.
546 _aტექსტი ქართულ და ბერძნულ ენებზე
546 _a დამატებითი სატიტულო გვერდი ბერძნულ ენაზე
653 _aბერძნული ლიტერატურა
653 _aჰიპოლიტოსი = Hippolytus
700 _aტონია, ნანა
_eმთარგმნელი
_915554
700 _aგორდეზიანი, რისმაგ
_eრედაქტორი
_93462
700 _aჯიქურიძე, ალეკო
_eდიზაინი
_913951
710 _aივანე ჯავახიშვილის სახელობის თბილისის სახელმწიფო უნივერსიტეტი
_bკლასიკური ფილოლოგიის, ბიზანტინისტიკისა და ნეოგრეცისტიკის ინსტიტუტი
_913867
942 _cBK
_2udc